Statistiques concernant Culture Générale - Série 2006

Cliquez ici pour prendre le quiz!

Statistiques générales

  • Ce quiz a été pris 88 fois
  • Le résultat moyen est 3 sur 10

Statistiques - réponses

QuestionRéponse% Correct
Quel rivière arrose la préfecture du département d'Eure-et-Loir ?Eure
74%
Dans quel département français se trouve la ville de Salers ?Cantal
52%
En photo, c'est une rose ....trémière
51%
De quel pays Dodoma est-elle la capitale ?Tanzanie
45%
Synonyme de guitoune, c'est un abri pour sentinelleguérite
40%
Quel rôle incarnait Peter Mayhew dans "Star Wars" ?Chewbacca
32%
Pâte amincie sous le rouleau à pâtisserie - 7 lettres commençant par " a "abaisse
20%
Dans la mythologie grecque, elle est la déesse de la Nuit (3 lettres)Nyx
20%
L'ionone est un composé chimique qui dégage une odeur de fleur. Laquelle ?violette
14%
Dans la mythologie grecque, elle fut le prix d'un concours de tir à l'arc dont Héraclès sortit vainqueurIolé
0%

Distribution des résultats

Percentile par nombre de réponses

% des personnes avec chaque résultat

Votre développement - résultats

Vous n’avez pas pris ce quiz